| 000 | 00932nam2a2200229 4500 | ||
|---|---|---|---|
| 001 | rc\2862700 | ||
| 005 | 20260315050813.0 | ||
| 035 | _a(NLR Aleph) 007016746 | ||
| 090 |
_a13578873 _c13578873 |
||
| 100 | _a20110711d1932 u y0rusy50 ca | ||
| 101 | 0 | _arus | |
| 102 | _aRU | ||
| 105 | _aaa z ||||| | ||
| 200 | 0 | _aЧ. 2 | |
| 210 | _d1932 | ||
| 215 |
_aПер., (284-508) с. _cил. |
||
| 461 | 0 |
_1001rc\2862699 _12001#$aАвтомобильный двигатель$fР. Хельдт$gПер. под ред. инж. И.А. Фрязиновский и инж. Б.Э. Шпринк$vЧ. 2 _1700#1$aХельдт$bП.М.$gР. Петер Мартин$f1875- _95869406 _aХельдт, П.М. (1875-) _cМосква _d1932 _fР. Хельдт _nГострансиздат _tАвтомобильный двигатель _vЧ. 2 |
|
| 801 | 0 |
_aRU _bNLR _gpsbo |
|
| 801 | 1 |
_aRU _bELAR _2rusmarc |
|
| 852 |
_aNLR _j32-18/15(2) |
||
| 942 | _cUNSPEC | ||
| 980 | _aNB | ||